| 000 | 00733nam a22002177a 4500 | ||
|---|---|---|---|
| 999 |
_c18973 _d18973 |
||
| 003 | AR-CdUCM | ||
| 008 | 190516b ||||| |||| 00| 0 spa d | ||
| 040 |
_aMUNICIPALIDAD PROVINCIAL DEL CUSCO _cBIBLIOTECA MUNICIPAL DEL CUSCO |
||
| 082 |
_a301.2 / _bG16 |
||
| 100 |
_aGalvez, José Luis _939947 |
||
| 245 | _aDinámica de la integración andina / | ||
| 260 |
_aPerú : _bBanco popular del Perú, _c1974. |
||
| 300 |
_a206 páginas ; _c22 cm. |
||
| 505 | _aContenido : Antecedentes historicos -- Antecedentes económicos -- Antecedentes políticos ... | ||
| 650 |
_aIntegración _95706 |
||
| 650 |
_aAndina _92064 |
||
| 650 |
_aPerú _935 |
||
| 700 |
_aLlosa, Augusto _939948 |
||
| 942 |
_2ddc _cLIBROS |
||
| 945 |
_arah _d2019/05/16 |
||